|
|
|
|
| LEADER |
00000nam a22000007a 4500 |
| 005 |
20220822231241.0 |
| 007 |
cr|||| |||| |
| 008 |
220822s2020 pe |||||s|||| 00||0 spa d |
| 020 |
|
|
|a 9786123251635
|
| 035 |
|
|
|a 36923
|
| 040 |
|
|
|a vLex
|
| 090 |
|
|
|c 13779
|d 13779
|
| 100 |
1 |
|
|a Montoya Vivanco, Yvan
|
| 245 |
1 |
0 |
|a Derecho penal de principios
|h [Recurso electrn̤ico] :
|b Justificacin̤ de la intervencin̤ punitiva /
|c Yvan Montoya Vivanco
|n Volumen I
|
| 256 |
|
|
|a Servicio en ln̕ea
|
| 260 |
|
|
|a Lima:
|b Palestra Editores,
|c 2020
|
| 300 |
|
|
|a 1 recurso electrn̤ico
|
| 500 |
|
|
|a “Con el primer volumen de Derecho Penal de Principios que aqu ̕se presenta, su autor, (…) contina︢ el pensamiento, desarrollado en el pero̕do anterior a la Ilustracin̤, as ̕como durante y despuš de la Ilustracin̤, hasta la p̌oca (…) que ľ caracteriza como el Derecho post-positivista del Estado Derecho democrt̀ico. Se abordan y analizan las distinciones metodolg̤icas fundamentales, como las que existen entre principio y norma, funcin̤ y fin; se examinan y desarrollan crt̕icamente las numerosas y diferentes formas de justificacin̤ preventiva del Derecho penal y se humaniza el potencial destructivo del Derecho penal mediante el reconocimiento del derecho fundamental a la resocializacin̤. Como profesor de Derecho penal en Alemania, considero que esta obra sl̤idamente fundamentada no sl̤o me proporciona una gran cantidad de conocimientos, sino que tambiň me estimula a seguir oponiňdome al neopositivismo que ha vuelto a ganar terreno en Alemania en los l︢timos aǫs, y a seguir aferrǹdome a la tarea de la ciencia del Derecho penal, a saber, la de ejercer un control intelectual sobre los poderes estatales de los poderes legislativo y judicial en lo que respecta al cumplimiento de los valores fundamentales consagrados en la Constitucin̤”.
|
| 506 |
1 |
|
|a Disponible solo en los productos indicados
|d vLex Global
|d vLex Global (Academic Edition, excluding Law Schools)
|d vLex Global (U.S. Academic Edition, Law Schools)
|d vLex Global (U.S. Academic Edition, excluding Law Schools)
|d vLex Global (Academic Edition, Law Schools)
|
| 650 |
0 |
4 |
|a Derecho Penal
|z Per︢
|
| 740 |
0 |
|
|a vLex Libros (Servicio en ln̕ea)
|
| 856 |
4 |
0 |
|u https://app.vlex.com/#/sources/36923
|z Acceso restringido
|
| 942 |
|
|
|c BOOK
|
| 999 |
0 |
|
|a Criminal law
|